000
00302nam a22001337a 4500
008
171103b xxu||||| |||| 00| 0 eng d
020
_a
9780618071883
041
_a
eng
080
_2
5TH
_a
33
100
_a
60
101
_a
BUS
245
_a
GLOBAL MARKETING STRATEGIES
_c
JEANNET,J.P
942
_2
udc
_c
BK
999
_c
37431
_d
37431